000
00501nam a2200145Ia 4500
008
090122s9999 xx 000 0 und d
082
_b
7136
_a
891.4681
100
_a
दास
_b
राजेंद्र
245
_a
शब्द भेटण्याच्या वयातच
600
_a
दास
630
_a
शब्द भेटण्याच्या वयातच
700
_a
दास
730
_a
शब्द भेटण्याच्या वयातच
942
_c
BOOK
999
_c
31213
_d
31213